<?xml version="1.0" encoding="UTF-8"?>
<record
    xmlns:xsi="http://www.w3.org/2001/XMLSchema-instance"
    xsi:schemaLocation="http://www.loc.gov/MARC21/slim http://www.loc.gov/standards/marcxml/schema/MARC21slim.xsd"
    xmlns="http://www.loc.gov/MARC21/slim">

  <leader>00626    a2200241   4500</leader>
  <controlfield tag="003">0</controlfield>
  <controlfield tag="005">20160609161549.0</controlfield>
  <controlfield tag="008">100803t        xxu||||| |||| 00| 0 eng d</controlfield>
  <datafield tag="020" ind1=" " ind2=" ">
    <subfield code="a">2-02-004260-6</subfield>
  </datafield>
  <datafield tag="040" ind1=" " ind2=" ">
    <subfield code="a">BUAC</subfield>
  </datafield>
  <datafield tag="041" ind1=" " ind2=" ">
    <subfield code="a">Fr.</subfield>
  </datafield>
  <datafield tag="082" ind1=" " ind2=" ">
    <subfield code="a">140</subfield>
  </datafield>
  <datafield tag="100" ind1=" " ind2=" ">
    <subfield code="a">Lefebvre, Henri</subfield>
    <subfield code="9">7948</subfield>
  </datafield>
  <datafield tag="245" ind1=" " ind2=" ">
    <subfield code="a">L'id&#xE9;ologie structuraliste</subfield>
    <subfield code="c">/ Henri Lefebvre</subfield>
  </datafield>
  <datafield tag="260" ind1=" " ind2=" ">
    <subfield code="a">Paris :</subfield>
    <subfield code="b">Ed. Anthropos,</subfield>
    <subfield code="c">1971</subfield>
  </datafield>
  <datafield tag="300" ind1=" " ind2=" ">
    <subfield code="a">251 p.</subfield>
  </datafield>
  <datafield tag="300" ind1=" " ind2=" ">
    <subfield code="b">18 cm.</subfield>
  </datafield>
  <datafield tag="440" ind1=" " ind2=" ">
    <subfield code="a">(Collection Points. Sciences huamines</subfield>
    <subfield code="n">66)</subfield>
    <subfield code="9">7949</subfield>
  </datafield>
  <datafield tag="630" ind1=" " ind2=" ">
    <subfield code="a">PHILOSOPHIE</subfield>
    <subfield code="9">7950</subfield>
  </datafield>
  <datafield tag="650" ind1=" " ind2=" ">
    <subfield code="a">Structuralisme : philosophie</subfield>
    <subfield code="9">7951</subfield>
  </datafield>
  <datafield tag="942" ind1=" " ind2=" ">
    <subfield code="c">LIVR</subfield>
  </datafield>
  <datafield tag="999" ind1=" " ind2=" ">
    <subfield code="c">39425</subfield>
    <subfield code="d">39425</subfield>
  </datafield>
  <datafield tag="952" ind1=" " ind2=" ">
    <subfield code="0">0</subfield>
    <subfield code="1">0</subfield>
    <subfield code="4">0</subfield>
    <subfield code="7">0</subfield>
    <subfield code="a">BUAC</subfield>
    <subfield code="b">BUAC</subfield>
    <subfield code="d">0000-00-00</subfield>
    <subfield code="e">ACHAT</subfield>
    <subfield code="l">0</subfield>
    <subfield code="o">140 LEF</subfield>
    <subfield code="r">2010-07-16 00:00:00</subfield>
    <subfield code="t">1</subfield>
    <subfield code="w">2010-07-16</subfield>
    <subfield code="y">LIVR</subfield>
  </datafield>
  <datafield tag="952" ind1=" " ind2=" ">
    <subfield code="0">0</subfield>
    <subfield code="1">0</subfield>
    <subfield code="4">0</subfield>
    <subfield code="7">0</subfield>
    <subfield code="a">BUAC</subfield>
    <subfield code="b">BUAC</subfield>
    <subfield code="d">0000-00-00</subfield>
    <subfield code="e">ACHAT</subfield>
    <subfield code="l">0</subfield>
    <subfield code="o">140  LEF</subfield>
    <subfield code="r">2010-07-16 00:00:00</subfield>
    <subfield code="t">2</subfield>
    <subfield code="w">2010-07-16</subfield>
    <subfield code="y">LIVR</subfield>
  </datafield>
</record>
